Kauppakeskukset kunnittain - Statistics

Yleistilastot
  • Tätä visaa on pelattu 161 kertaa
  • Keskiarvotulos 11 / 47
Vastaustilastot
% Oikein
Helsinki Arabia |Citycenter | Columbus | Easton | Forum | Helsinki Outlet | Hertsi | Itis | Kaari | Kamppi | Kluuvi | Kämp Galleria | Lanterna | Lauttis | Malmin Nova | Malmintori | Redi | Ristikko | Ruoholahti | Saari | Tripla
91%
Espoo Ainoa |Entresse | Espoontori | Galleria | Heikintori | Iso Omena | Liila | Lippulaiva | Merituuli | Niitty | Sello | Suuris
77%
Oulu Ideapark |Kapteeni | Valkea
74%
Tampere Duo |Koskikeskus | Lielahtikeskus | Ratina | Tullintori
72%
Lempäälä Ideapark
69%
Seinäjoki Ideapark
69%
Vantaa Dixi |Flamingo | Isomyyri | Jumbo | Koivukeskus | Myyrmanni | Tikkuri | Viisari
68%
Turku Forum |Hansa | Skanssi
65%
Jyväskylä Forum |Jyväskeskus | Kauppakulma | Keljonkeskus | Seppä | Torikeskus | Väinönkeskus
56%
Kouvola Hansa |Valtari | Veturi
50%
Kuopio Aapeli |Kolmisoppi | Matkus | Minna | Sektori
34%
Raisio Mylly
34%
Hämeenlinna Goodman |Linna | Optelli | Tuulonen
33%
Kempele Zeppelin
33%
Lahti Karisma |Syke | Trio
31%
Pori Bepop |IsoKarhu | Puuvilla | Teljäntori
29%
Hyvinkää Willa
28%
Joensuu Iso Myy |Metropol | Plaza Centrum
24%
Rovaniemi Revontuli |Rinteenkulma | Sampokeskus
19%
Ylöjärvi Elo
16%
Lappeenranta IsoKristiina
16%
Tornio Rajalla
16%
Mikkeli Akseli |Stella
14%
Kauniainen Grani
14%
Lohja Lohjantähti |Lohi
10%
Valkeakoski Koskikara |Torikeskus
9%
Kotka Pasaati
8%
Salo Plaza
8%
Kokkola Chydenia |Kallentori | Maxim
7%
Kitee Kupiainen
7%
Kerava Karuselli
6%
Ikaalinen Komppi
6%
Pirkkala Veska
6%
Kirkkonummi Kirsikka
5%
Kauhava RoadHouse
3%
Virolahti Zsar
3%
Vaasa Espen
2%
Liminka Liminganportti
2%
Porvoo Lundi
2%
Kalajoki Merta
2%
Rauma Potkur
2%
Inari Saariselän Kuukkeli
2%
Kuusamo Kumpare
1%
Jomala Maxinge Center
1%
Nurmijärvi Viiri
1%
Maarianhamina Sittkoff Gallerian
0%
Alavus Tuuriportti
0%
Ehtoja vastaavia visoja ei löytynyt
Tulosjakauma
Jokaisen tuloksen saaneiden osuus
Persentiili vastausten määrän mukaan
Tuloshistoriasi
Et ole pelannut tätä visaa